Statistiques concernant Pays qui contiennent la lettre J

Cliquez ici pour prendre le quiz!

Statistiques générales

  • Ce quiz a été pris 253 fois
  • Le résultat moyen est 4 sur 7

Statistiques - réponses

IndicePays% Correct
1 x JJordanie
91%
1 x JJapon
86%
1 x JJamaïque
82%
1 x JAzerbaïdjan
47%
1 x JTadjikistan
47%
1 x JFidji
42%
1 x JDjibouti
39%

Distribution des résultats

Percentile par nombre de réponses

% des personnes avec chaque résultat

Votre développement - résultats

Vous n’avez pas pris ce quiz